The candidate : What it takes to win, and hold, the White House
There are two winners in every presidential election campaign: The inevitable winner when it begins--such as Rudy Giuliani or Hillary Clinton in 2008--and the inevitable victor after it ends. In The Candidate, Samuel Popkin explains the difference between them.
সংরক্ষণ করুন:
| প্রধান লেখক: | |
|---|---|
| বিন্যাস: | গ্রন্থ |
| ভাষা: | Undetermined |
| প্রকাশিত: |
New York
Oxford University Press
2012
|
| বিষয়গুলি: | |
| ট্যাগগুলো: |
ট্যাগ যুক্ত করুন
কোনো ট্যাগ নেই, প্রথমজন হিসাবে ট্যাগ করুন!
|
| Thư viện lưu trữ: | Trung tâm Học liệu Trường Đại học Cần Thơ |
|---|
| LEADER | 01057nam a2200217Ia 4500 | ||
|---|---|---|---|
| 001 | CTU_226002 | ||
| 008 | 210402s9999 xx 000 0 und d | ||
| 082 | |a 324.973 | ||
| 082 | |b P828 | ||
| 100 | |a Popkin, Samuel L. | ||
| 245 | 4 | |a The candidate : | |
| 245 | 0 | |b What it takes to win, and hold, the White House | |
| 245 | 0 | |c Samuel L. Popkin | |
| 260 | |a New York | ||
| 260 | |b Oxford University Press | ||
| 260 | |c 2012 | ||
| 520 | |a There are two winners in every presidential election campaign: The inevitable winner when it begins--such as Rudy Giuliani or Hillary Clinton in 2008--and the inevitable victor after it ends. In The Candidate, Samuel Popkin explains the difference between them. | ||
| 650 | |a Presidents,Presidents,Presidential candidates,Ứng cử viên tổng thống,Tổng thống | ||
| 650 | |x History,Election,Election,History.,History,Lịch sử,Lịch sử,Bầu cử | ||
| 650 | |z United States,United States,United States,Hoa Kỳ,Hoa Kỳ | ||
| 980 | |a Trung tâm Học liệu Trường Đại học Cần Thơ | ||